LEADER 01576cam0-22005651i-450 001 990003776990403321 005 20220907131720.0 010 $a88-15-04779-4 035 $a000377699 035 $aFED01000377699 035 $a(Aleph)000377699FED01 100 $a20030910d1995----km-y0itay50------ba 101 1 $aita$ceng 102 $aIT 105 $ay-------001yy 200 1 $a<>cemento della società$euno studio sull'ordine sociale$fJon Elster 210 $aBologna$cil Mulino$d1995 215 $a401 p.$d21 cm 225 1 $aCollezione di testi e di studi$iSociologia 300 $aTraduzione di Paola Palminiello 454 0$12001$a<>cement of society$929391 610 0 $aOrdine sociale 610 0 $aNorme sociali 610 0 $aAspettative razionali 610 0 $aContrattazione collettiva$aSvezia 610 0 $aScelta sociale 610 0 $aInterazione sociale 676 $a303.37 676 $aN/0.1 676 $a302 700 1$aElster,$bJon$f<1940- >$035657 801 0$aIT$bUNINA$gRICA$2UNIMARC 901 $aBK 912 $a990003776990403321 952 $a303.37$b4817$fBFS 952 $a303.37 ELS1$b4817$fBFS 952 $aPaper$b01$fSES 952 $aN/0.1 ELS/95$b16458$fSES 952 $aXV N 110$b16623$fDTE 952 $a525 SEZ. ANDRIELLO$b525$fDARPU 952 $aVI 82$b1373$fDDCIC 952 $aVI A 1298$b25422$fFSPBC 959 $aBFS 959 $aSES 959 $aDTE 959 $aDDCIC 959 $aFSPBC 959 $aDARPU 996 $aCement of society$929391 997 $aUNINA LEADER 00875nam a2200265 i 4500 001 991002867799707536 005 20020503174246.0 008 960703s1971 it ||| | ita 035 $ab10425792-39ule_inst 035 $aEXGIL111173$9ExL 040 $aBiblioteca Interfacoltà$bita 100 1 $aHassel, Sven$0466850 245 10$aGeneral SS /$cdi Sven Hassel 250 $a3. ed 260 $aMilano :$bLonganesi,$c[1971] 300 $a311 p. ;$c19 cm. 440 3$aIl cammeo ;$v267 500 $aTrad. di Giovanna Rosselli. 740 0 $aGénéral S.S. [Trad.] 907 $a.b10425792$b02-04-14$c27-06-02 912 $a991002867799707536 945 $aLE002 Fondo Berg. 680$g1$iLE002-73502$lle002$o-$pE0.00$q-$rn$so $t0$u0$v0$w0$x0$y.i10494698$z27-06-02 996 $aGeneral SS$9219679 997 $aUNISALENTO 998 $ale002$b01-01-96$cm$da $e-$fita$git $h0$i1